000 00559cab a2200205 4500
001 ABS43365
008 090401t1990 xxu||||| |||| 00| 0 eng d
035 _a(Sirsi) u41453
041 _aeng
100 _aMarch, G.
245 _aAssured shelter at a knock-down price
260 _c1990
350 _a0
490 _aFinancial Adviser
_v(172) 20 September 1990, 26(1)
520 _aReports on how BES companies are benefiting from the slump in the housing market .
650 _aRECESSION
690 _aHOUSING
942 _n0
948 _c04/03/1997
999 _c26635
_d26635